| 000 | 00363nam a2200157Ia 4500 | ||
|---|---|---|---|
| 008 | 230516s9999 xx 000 0 und d | ||
| 041 | _aeng | ||
| 082 |
_a547.59 _bJOU/MIL |
||
| 100 | _aJOULE, MILLS | ||
| 245 | _aHETEROCYCLIC CHEMISTRY | ||
| 260 |
_bJOHN WILEY _c2010 |
||
| 300 | _a689 | ||
| 365 | _h20% | ||
| 520 | _aPC | ||
| 650 | _aPHARMACEUTICAL CHEMISTRY | ||
| 999 |
_c374203 _d374203 |
||